000 00392cam a2200169ua 4500
020 _c1.14
041 _ahin
_h
082 _a891.43
_bRAN/UB
100 _aRangor, Raghav .
245 _aUbaal /
_cRangor Raghav.
_hTextual Documents
260 _aDelhi :
_bRajkamal Prakashan ,
_c1954.
300 _a114 ; .
365 _a1.14
504 _a
942 _cBK
999 _c11479
_d11479